000 00600nam a2200193Ia 4500
005 20250923145052.0
008 008 250917s9999 xx 000 0 eng d
037 _aTextual
040 _aDSWL
_beng
_cDSWL
041 _aeng
_2eng
084 _aYX,zC;7-Vp2, N66
_qDSWL
245 0 _aVocational rehabilitation of the Handicapped
_cby Indian conference of Social Work
260 _aBombay
_bIndian conference of Social Work, 175, D.N. Road
_c1966
300 _a121p.
365 _aINR
_b2.50
925 _g2.50
942 _cTEXL
_hYX,zC;7-Vp2, N66
999 _c1446698
_d1446698